[Event "La Paz Tricolor op"]
[Site "La Paz"]
[Date "2021.08.06"]
[Round "1"]
[White "Accinelli, Javier"]
[Black "Valda Quelali, Britany Nicole"]
[Result "1-0"]
[WhiteElo "1953"]
[BlackElo "1273"]
[PlyCount "91"]
[EventDate "2021.08.06"]
[EventType "swiss"]
[EventRounds "6"]
[EventCountry "BOL"]
[SourceTitle "EXT 2022"]
[Source "ChessBase"]
[SourceDate "2021.10.06"]
[SourceVersion "1"]
[SourceVersionDate "2021.10.06"]
[SourceQuality "1"]

1. e4 c5 2. Nf3 Nc6 3. d4 cxd4 4. Nxd4 g6 5. c4 Bg7 6. Be3 Nf6 7. Nc3 0-0 8. Be2 d6 9. 0-0 Nxd4 10. Bxd4 e5 11. Be3 Be6 12. Qd2 Rc8 13. b3 a6 14. Rfd1 Rc6 15. Rac1 Qe7 16. f3 Nd7 17. Nd5 Bxd5 18. cxd5 Rxc1 19. Rxc1 Qd8 20. Qb4 f5 21. Qxd6 f4 22. Bf2 Bf6 23. Rc7 Rf7 24. Rxb7 Bh4 25. Bxh4 Qxh4 26. Rxd7 Qe1+ 27. Bf1 Qe3+ 28. Kh1 Qf2 29. Rd8+ Kg7 30. Qxe5+ Kh6 31. Qa1 Qc5 32. Bxa6 Ra7 33. Bc4 Qe7 34. Rg8 Qa3 35. Qe1 Qe7 36. d6 Qg5 37. a4 Rd7 38. e5 Qh5 39. h4 Qf5 40. Bb5 Rb7 41. e6 Rxb5 42. axb5 Qxb5 43. e7 Qxb3 44. e8Q Qxg8 45. Qxg8 g5 46. Qxg5# 1-0

[Event "La Paz Adalp Cup"]
[Site "La Paz"]
[Date "2017.03.16"]
[Round "11"]
[White "Medrano, Mario"]
[Black "Accinelli, Javier"]
[Result "1-0"]
[WhiteElo "2040"]
[BlackElo "2044"]
[PlyCount "57"]
[EventDate "2017.02.20"]
[EventType "tourn"]
[EventRounds "11"]
[EventCountry "BOL"]
[SourceTitle "CBM 177 Extra"]
[Source "ChessBase"]
[SourceDate "2017.04.27"]
[SourceVersion "1"]
[SourceVersionDate "2017.04.27"]
[SourceQuality "1"]

1. d4 d5 2. Bf4 Nf6 3. e3 Nbd7 4. Nf3 Nh5 5. Be5 Nxe5 6. Nxe5 Nf6 7. Bd3 e6 8. 0-0 Bd6 9. f4 c5 10. c3 Nd7 11. b3 Qe7 12. Nd2 g6 13. Qg4 Nf6 14. Qh3 Bd7 15. Rfe1 a6 16. e4 dxe4 17. Nxe4 Nxe4 18. Rxe4 0-0-0 19. Qf3 cxd4 20. cxd4 Kb8 21. Qe3 Rc8 22. Kh1 Rc3 23. d5 Bxe5 24. Rxe5 Bb5 25. Rxe6 fxe6 26. Qe5+ Ka7 27. Qxc3 Bxd3 28. Qxd3 Rd8 29. Qe3+ 1-0

[Event "La Paz Adalp Cup"]
[Site "La Paz"]
[Date "2017.03.13"]
[Round "8"]
[White "Accinelli, Javier"]
[Black "Rocha, Ignacio"]
[Result "1-0"]
[WhiteElo "2044"]
[BlackElo "1743"]
[PlyCount "75"]
[EventDate "2017.02.20"]
[EventType "tourn"]
[EventRounds "11"]
[EventCountry "BOL"]
[SourceTitle "CBM 177 Extra"]
[Source "ChessBase"]
[SourceDate "2017.04.27"]
[SourceVersion "1"]
[SourceVersionDate "2017.04.27"]
[SourceQuality "1"]

1. e4 e6 2. d4 d5 3. e5 c5 4. c3 Nc6 5. Nf3 Qb6 6. a3 c4 7. Nbd2 f6 8. Nh4 g6 9. f4 Bg7 10. Be2 fxe5 11. fxe5 Nge7 12. Nf1 0-0 13. Ne3 Bd7 14. Nf3 Nf5 15. Nxf5 Rxf5 16. g4 Rff8 17. Qc2 Rae8 18. Bg5 Rf7 19. Bh4 Ref8 20. Rf1 Qa5 21. 0-0-0 b5 22. Ng5 Rxf1 23. Rxf1 Qb6 24. Rxf8+ Bxf8 25. Bd1 Qb8 26. Qf2 Qe8 27. Nf3 a5 28. Bf6 b4 29. axb4 axb4 30. Bc2 bxc3 31. bxc3 Bh6+ 32. g5 Bg7 33. h4 Qa8 34. Nh2 Qa1+ 35. Kd2 Na5 36. Bxg7 Kxg7 37. Qf6+ Kg8 38. Ng4 1-0

[Event "La Paz op 2nd"]
[Site "La Paz"]
[Date "2014.11.16"]
[Round "7"]
[White "Severich, Gisselle"]
[Black "Accinelli, Javier"]
[Result "0-1"]
[WhiteElo "1271"]
[BlackElo "2074"]
[PlyCount "66"]
[EventDate "2014.11.13"]
[EventType "swiss"]
[EventRounds "7"]
[EventCountry "BOL"]
[SourceTitle "CBM 163 Extra"]
[Source "ChessBase"]
[SourceDate "2014.12.23"]
[SourceVersion "1"]
[SourceVersionDate "2014.12.23"]
[SourceQuality "1"]

1. e4 c5 2. Nf3 d6 3. d4 cxd4 4. Nxd4 Nf6 5. Nc3 a6 6. Bc4 e6 7. Bg5 Be7 8. Qd2 Qc7 9. Bd3 0-0 10. h4 b5 11. g4 Bb7 12. f3 Nc6 13. Nb3 Rac8 14. Bxf6 Bxf6 15. g5 Bxc3 16. Qxc3 Ne5 17. Qxc7 Rxc7 18. Rf1 Rfc8 19. Rf2 d5 20. exd5 Bxd5 21. f4 Nxd3+ 22. cxd3 Bxb3 23. axb3 Rc1+ 24. Rxc1 Rxc1+ 25. Ke2 Kf8 26. Kf3 Ke7 27. Re2 Kd6 28. b4 Rh1 29. Kg3 Rd1 30. Re3 Rd2 31. b3 Rb2 32. d4 Rd2 33. Kf3 Rxd4 0-1

[Event "La Paz op 2nd"]
[Site "La Paz"]
[Date "2014.11.14"]
[Round "4"]
[White "Ramirez, Maria Eugenia"]
[Black "Accinelli, Javier"]
[Result "1/2-1/2"]
[WhiteElo "2015"]
[BlackElo "2074"]
[PlyCount "126"]
[EventDate "2014.11.13"]
[EventType "swiss"]
[EventRounds "7"]
[EventCountry "BOL"]
[SourceTitle "CBM 163 Extra"]
[Source "ChessBase"]
[SourceDate "2014.12.23"]
[SourceVersion "1"]
[SourceVersionDate "2014.12.23"]
[SourceQuality "1"]

1. e4 e5 2. Nf3 Nf6 3. Nc3 Nc6 4. Bb5 Bc5 5. 0-0 0-0 6. Nxe5 Bd4 7. Nf3 Bxc3 8. dxc3 Nxe4 9. Nd4 Qf6 10. Be3 Nxd4 11. Qxd4 Qxd4 12. cxd4 c6 13. f3 Nf6 14. Bd3 d5 15. Bg5 Bd7 16. Bxf6 gxf6 17. f4 b6 18. f5 c5 19. Rf4 c4 20. Be2 h6 21. Raf1 Rae8 22. Bf3 Bc6 23. Bh5 Re3 24. R4f3 Rfe8 25. Rxe3 Rxe3 26. c3 Kf8 27. Bf3 a5 28. Kf2 Re8 29. b3 cxb3 30. axb3 Rc8 31. Ke3 b5 32. Ra1 a4 33. bxa4 bxa4 34. c4 dxc4 35. Bxc6 Rxc6 36. Rxa4 c3 37. Ra1 Rb6 38. Kd3 Rb2 39. Rg1 Rf2 40. Kxc3 Rxf5 41. Kc4 Rf2 42. Kd5 Ke7 43. h3 Kd7 44. g4 f5 45. Ra1 fxg4 46. Ra7+ Kd8 47. hxg4 Rf4 48. Kc5 Rxg4 49. Rxf7 Rg1 50. Rh7 Rg5+ 51. Kd6 Rg6+ 52. Kc5 Ra6 53. d5 Ra4 54. Kd6 Ra6+ 55. Ke5 Rg6 56. d6 Rg1 57. Rxh6 Re1+ 58. Kd5 Rd1+ 59. Ke6 Re1+ 60. Kf7 Kd7 61. Rf6 Rd1 62. Kg7 Rxd6 63. Rxd6+ Kxd6 1/2-1/2